| 000 | 00522nam a2200193Ia 4500 | ||
|---|---|---|---|
| 008 | 230125s9999 xx 000 0 und d | ||
| 041 | _aeng | ||
| 082 |
_a657.0202 _bWAN OKE |
||
| 100 |
_aWani S D _9112126 |
||
| 245 | _aPractical systems of Book-keeping and accountancy | ||
| 250 | _a3rd ed | ||
| 260 |
_c1995 _bPragati publications _aPune |
||
| 300 | _a300p | ||
| 500 | _aBook keeping | ||
| 500 | _aBook-keeping | ||
| 650 | _aAccounting | ||
| 700 |
_aWani S D; Oke S R & Pandit G V _9112127 |
||
| 999 |
_c89074 _d89074 |
||